| 000 | nkm a22 a 4500 | ||
|---|---|---|---|
| 999 |
_c346173 _d346173 |
||
| 003 | BLK | ||
| 005 | 20191024161803.0 | ||
| 008 | 191024b bu ||||| |||| 00| 0 bu d | ||
| 040 | _aBLK | ||
| 041 |
_aBUL _cBUL |
||
| 080 |
_aФотография на човек, тяло, лице, портрет. Битов жанр _b77.041 |
||
| 245 | _aМихаил Арнаудов със семейството си 20 май 1906 | ||
| 300 | _c11 Х 18 см | ||
| 380 | _a7 | ||
| 490 |
_9396381 _aЧастна колекция - Академик Михаил Арнаудов _gДарение - Основен фонд |
||
| 505 | _tСнимка, направена на външни стълби - отпред баща Петър и М. Арнаудов, зад тях брат Димитър (Симеон), сестра Мария и може би втората майка на М. Арнаудов в цял ръст. | ||
| 852 | _aМА 5055 | ||
| 942 |
_2udc _cPHO _n0 _s1 |
||
| 999 | _d346173 | ||